[Event "Liberec op 20th"]
[Site "Liberec"]
[Date "2020.02.25"]
[Round "4"]
[White "Juhanak, Daniel"]
[Black "Nehyba, Martin"]
[Result "0-1"]
[WhiteElo "1648"]
[BlackElo "2170"]
[PlyCount "56"]
[EventDate "2020.02.22"]
[EventType "swiss"]
[EventRounds "9"]
[EventCountry "CZE"]
[SourceTitle "CBM 195 Extra"]
[Source "ChessBase"]
[SourceDate "2020.05.31"]
[SourceVersion "1"]
[SourceVersionDate "2020.05.31"]
[SourceQuality "1"]

1. Nf3 g6 2. e4 Bg7 3. d4 d6 4. c4 Nf6 5. Nc3 0-0 6. Be2 e5 7. 0-0 Nc6 8. d5 Ne7 9. b4 Ne8 10. Nd2 f5 11. f3 f4 12. c5 g5 13. a4 Ng6 14. Nc4 h5 15. Ba3 Rf7 16. b5 Bf8 17. cxd6 cxd6 18. b6 a6 19. h3 Rh7 20. Bb4 Nf6 21. Kf2 g4 22. hxg4 hxg4 23. Rh1 g3+ 24. Kg1 Rxh1+ 25. Kxh1 Qe7 26. Kg1 Qh7 27. Bd3 Qh2+ 28. Kf1 Qh1+ 0-1

[Event "Liberec op 20th"]
[Site "Liberec"]
[Date "2020.02.24"]
[Round "3"]
[White "Nehyba, Martin"]
[Black "Kulon, Klaudia"]
[Result "0-1"]
[WhiteElo "2170"]
[BlackElo "2335"]
[PlyCount "100"]
[EventDate "2020.02.22"]
[EventType "swiss"]
[EventRounds "9"]
[EventCountry "CZE"]
[SourceTitle "CBM 195 Extra"]
[Source "ChessBase"]
[SourceDate "2020.05.31"]
[SourceVersion "1"]
[SourceVersionDate "2020.05.31"]
[SourceQuality "1"]

1. e4 e5 2. Nf3 Nc6 3. Bc4 Nf6 4. d3 h6 5. c3 d6 6. Nbd2 g6 7. Nf1 Bg7 8. Ng3 0-0 9. 0-0 Na5 10. Bb5 a6 11. Ba4 b5 12. Bc2 c5 13. d4 cxd4 14. cxd4 Nc6 15. d5 Ne7 16. Ne1 h5 17. f4 exf4 18. Bxf4 Qb6+ 19. Kh1 Ng4 20. Nd3 h4 21. h3 Ne3 22. Bxe3 Qxe3 23. Rf3 Qd4 24. Nf1 Ra7 25. Nd2 Rc7 26. Rc1 g5 27. Nb3 Qb6 28. Qd2 f6 29. Nf2 Ng6 30. Qa5 Qxa5 31. Nxa5 Ne5 32. Rc3 Rxc3 33. bxc3 f5 34. exf5 Bxf5 35. Bxf5 Rxf5 36. Ne4 Nd3 37. Rd1 Nf2+ 38. Nxf2 Rxf2 39. Nb7 Be5 40. a4 bxa4 41. Kg1 Rc2 42. Ra1 Bg3 43. Kf1 Rf2+ 44. Kg1 Rb2 45. Na5 Rb5 46. Nc6 a3 47. Kf1 Rb3 48. c4 Re3 49. Nd4 Be5 50. Nc2 Bxa1 0-1

[Event "Liberec op 20th"]
[Site "Liberec"]
[Date "2020.02.23"]
[Round "2"]
[White "Paldus, Jan"]
[Black "Nehyba, Martin"]
[Result "0-1"]
[WhiteElo "1767"]
[BlackElo "2170"]
[PlyCount "66"]
[EventDate "2020.02.22"]
[EventType "swiss"]
[EventRounds "9"]
[EventCountry "CZE"]
[SourceTitle "CBM 195 Extra"]
[Source "ChessBase"]
[SourceDate "2020.05.31"]
[SourceVersion "1"]
[SourceVersionDate "2020.05.31"]
[SourceQuality "1"]

1. e4 c5 2. Nf3 e6 3. d4 cxd4 4. Nxd4 Nf6 5. Nc3 Nc6 6. a3 Be7 7. Be3 0-0 8. Be2 a6 9. 0-0 Qc7 10. Nxc6 bxc6 11. f4 d5 12. e5 Nd7 13. Na4 c5 14. b3 Bb7 15. Bf3 Rad8 16. Qe1 Bc6 17. Nb2 f6 18. exf6 Bxf6 19. Rb1 Rfe8 20. Qf2 e5 21. fxe5 Bxe5 22. g3 Rf8 23. Qg2 Qd6 24. Rfd1 Rxf3 25. Qxf3 d4 26. Qe2 Kh8 27. Bg5 Qd5 28. Bxd8 Qh1+ 29. Kf2 Qxh2+ 30. Ke1 Bxg3+ 31. Kd2 Bf4+ 32. Ke1 Qg1+ 33. Qf1 Bg3+ 0-1

[Event "Prague op"]
[Site "Prague"]
[Date "2020.02.15"]
[Round "2"]
[White "Nguyen, Piotr"]
[Black "Nehyba, Martin"]
[Result "1-0"]
[WhiteElo "2415"]
[BlackElo "2170"]
[PlyCount "69"]
[EventDate "2020.02.14"]
[EventType "swiss"]
[EventRounds "9"]
[EventCountry "CZE"]
[SourceTitle "CBM 195 Extra"]
[Source "ChessBase"]
[SourceDate "2020.05.31"]
[SourceVersion "1"]
[SourceVersionDate "2020.05.31"]
[SourceQuality "1"]

1. d4 Nf6 2. Nf3 g6 3. Bf4 Bg7 4. e3 0-0 5. Be2 d6 6. c3 Nbd7 7. 0-0 Ne8 8. a4 e5 9. dxe5 dxe5 10. Nxe5 Qe7 11. Nxd7 Bxd7 12. Bf3 c6 13. a5 Rd8 14. Qa4 Bf5 15. e4 Bc8 16. Be3 a6 17. Qa3 Nd6 18. Bb6 Rd7 19. Bg4 f5 20. exf5 gxf5 21. Bf3 Be5 22. Nd2 Qg5 23. Rad1 Rf6 24. Rfe1 Nf7 25. Bd4 Re6 26. Nc4 Qf4 27. Nxe5 Nxe5 28. Bxe5 Rxe5 29. h3 Rd2 30. Qb3+ Kg7 31. Rxe5 Qxe5 32. g3 Rxd1+ 33. Qxd1 Qxa5 34. Qd6 f4 35. Qe7+ 1-0

[Event "Staufer op 32nd"]
[Site "Schwaebisch Gmuend"]
[Date "2020.01.04"]
[Round "5"]
[White "Roseneck, Jonas"]
[Black "Nehyba, Martin"]
[Result "1-0"]
[WhiteElo "2413"]
[BlackElo "2189"]
[PlyCount "57"]
[EventDate "2020.01.02"]
[EventType "swiss"]
[EventRounds "9"]
[EventCountry "GER"]
[SourceTitle "CBM 194 Extra"]
[Source "ChessBase"]
[SourceDate "2020.03.31"]
[SourceVersion "1"]
[SourceVersionDate "2020.03.31"]
[SourceQuality "1"]

1. e4 c5 2. Nf3 e6 3. d4 cxd4 4. Nxd4 Nf6 5. Nc3 Nc6 6. Ndb5 d6 7. Bf4 e5 8. Bg5 a6 9. Na3 b5 10. Nd5 Be7 11. Bxf6 Bxf6 12. c3 Bg5 13. Nc2 0-0 14. a4 Rb8 15. axb5 axb5 16. Bd3 Ne7 17. Nxe7+ Bxe7 18. Nb4 Bb7 19. 0-0 Qb6 20. Qe2 d5 21. Nxd5 Bxd5 22. exd5 Bd6 23. Ra2 Qb7 24. Qf3 Ra8 25. Rfa1 b4 26. Ra6 bxc3 27. bxc3 Rfe8 28. Qe4 g6 29. Qa4 1-0

[Event "Staufer op 32nd"]
[Site "Schwaebisch Gmuend"]
[Date "2020.01.03"]
[Round "3"]
[White "Wenninger, Philipp"]
[Black "Nehyba, Martin"]
[Result "1-0"]
[WhiteElo "2366"]
[BlackElo "2189"]
[PlyCount "31"]
[EventDate "2020.01.02"]
[EventType "swiss"]
[EventRounds "9"]
[EventCountry "GER"]
[SourceTitle "CBM 194 Extra"]
[Source "ChessBase"]
[SourceDate "2020.03.31"]
[SourceVersion "1"]
[SourceVersionDate "2020.03.31"]
[SourceQuality "1"]

1. d4 f5 2. Bg5 Nf6 3. Bxf6 exf6 4. e3 d5 5. c4 Be6 6. Nc3 Bb4 7. Nge2 c6 8. Qb3 Qd6 9. Nf4 Bf7 10. c5 Bxc3+ 11. bxc3 Qe7 12. Bd3 g6 13. 0-0 0-0 14. Rfb1 Nd7 15. Qxb7 Rfc8 16. Qb2 1-0

[Event "Staufer op 32nd"]
[Site "Schwaebisch Gmuend"]
[Date "2020.01.02"]
[Round "1"]
[White "Velicka, Petr"]
[Black "Nehyba, Martin"]
[Result "1/2-1/2"]
[WhiteElo "2424"]
[BlackElo "2189"]
[PlyCount "54"]
[EventDate "2020.01.02"]
[EventType "swiss"]
[EventRounds "9"]
[EventCountry "GER"]
[SourceTitle "CBM 194 Extra"]
[Source "ChessBase"]
[SourceDate "2020.03.31"]
[SourceVersion "1"]
[SourceVersionDate "2020.03.31"]
[SourceQuality "1"]

1. e4 c5 2. Nf3 Nc6 3. Bb5 e6 4. b3 Nf6 5. e5 Nd5 6. Bb2 Qc7 7. 0-0 Be7 8. Re1 0-0 9. Bf1 f6 10. c4 Nf4 11. exf6 Bxf6 12. Bxf6 Rxf6 13. d4 cxd4 14. Nxd4 Qb6 15. Nf3 Qc5 16. Nc3 Qh5 17. Ne4 Rg6 18. Ng3 Qc5 19. Qd2 Qf8 20. Rad1 d5 21. Ne5 Nxe5 22. Rxe5 Bd7 23. cxd5 exd5 24. Rde1 Rd8 25. Qa5 a6 26. Qc7 b5 27. Re7 Bc6 1/2-1/2

[Event "Bayern-chI Bank Hofmann 23rd"]
[Site "Tegernsee"]
[Date "2019.11.02"]
[Round "8"]
[White "Nehyba, Martin"]
[Black "Faerber, David"]
[Result "0-1"]
[WhiteElo "2129"]
[BlackElo "2332"]
[PlyCount "122"]
[EventDate "2019.10.26"]
[EventType "swiss"]
[EventRounds "9"]
[EventCountry "GER"]
[SourceTitle "CBM 192 Extra"]
[Source "Chessbase"]
[SourceDate "2019.11.06"]
[SourceVersion "1"]
[SourceVersionDate "2019.11.06"]
[SourceQuality "1"]

1. e4 c5 2. c3 Nf6 3. e5 Nd5 4. d4 cxd4 5. Nf3 Nc6 6. cxd4 d6 7. Bc4 Nb6 8. Bb5 dxe5 9. Nxe5 Bd7 10. Nxd7 Qxd7 11. Nc3 e6 12. 0-0 Be7 13. Qg4 0-0 14. Rd1 Rfd8 15. Bh6 g6 16. Bg5 Bxg5 17. Qxg5 Qe7 18. Qe3 Nd5 19. Nxd5 Rxd5 20. Bxc6 bxc6 21. Rdc1 Qd7 22. h3 Rb8 23. Rc2 Rb6 24. Rd2 Ra6 25. b4 Rb6 26. a3 Rb8 27. Rc2 Rxd4 28. Rxc6 Rdxb4 29. axb4 Qxc6 30. Qxa7 Rxb4 31. Qa8+ Qxa8 32. Rxa8+ Kg7 33. g3 g5 34. Kg2 h5 35. Ra7 Kg6 36. Ra6 Rd4 37. Rb6 Re4 38. Kf3 f5 39. Rb8 h4 40. Rg8+ Kf6 41. Kg2 hxg3 42. Kxg3 Ra4 43. Rf8+ Kg7 44. Rb8 Ra3+ 45. Kg2 Kf6 46. Rf8+ Ke5 47. Rb8 Rd3 48. Rb4 Rd4 49. Rb3 Rd6 50. Re3+ Kf6 51. Ra3 e5 52. Ra8 e4 53. Ra2 Ke5 54. Rb2 Rd5 55. Rb4 Rc5 56. Ra4 Rb5 57. Ra2 f4 58. f3 e3 59. h4 gxh4 60. Kh3 Rb1 61. Ra4 Rg1 0-1

[Event "Pardubice Czech op-A 30th"]
[Site "Pardubice"]
[Date "2019.07.21"]
[Round "3"]
[White "Eliagov, Kafar"]
[Black "Nehyba, Martin"]
[Result "1/2-1/2"]
[WhiteElo "2276"]
[BlackElo "2090"]
[PlyCount "82"]
[EventDate "2019.07.19"]
[EventType "swiss"]
[EventRounds "9"]
[EventCountry "CZE"]
[SourceTitle "CBM 191"]
[Source "ChessBase"]
[SourceDate "2019.08.31"]
[SourceVersion "1"]
[SourceVersionDate "2019.08.31"]
[SourceQuality "1"]

1. c4 f5 2. g3 Nf6 3. Bg2 e5 4. Nc3 Nc6 5. d3 Be7 6. a3 a5 7. Nf3 0-0 8. 0-0 d6 9. Rb1 h6 10. b4 axb4 11. axb4 Qe8 12. Nd5 Bd8 13. b5 Nxd5 14. cxd5 Ne7 15. Nd2 Bd7 16. b6 c6 17. Qb3 Kh8 18. Nc4 Rf6 19. Ba3 Nc8 20. Rfc1 c5 21. Bb2 Ba4 22. Qc3 Nxb6 23. f4 Nxc4 24. Qxc4 b5 25. Qa2 Bb6 26. fxe5 Rg6 27. Ba1 c4+ 28. Kh1 Be3 29. Rf1 Bb3 30. Qb2 Ra2 31. Qc3 Rxg3 32. Bf3 Rc2 33. Qe1 Rh3 34. dxc4 Bxc4 35. e6 Bxe2 36. Bxe2 Rxh2+ 37. Kxh2 Qh5+ 38. Kg3 Rxe2 39. Qxe2 Qxe2 40. Rxf5 h5 41. Rbf1 Qg4+ 1/2-1/2

[Event "Pardubice Czech op-A 30th"]
[Site "Pardubice"]
[Date "2019.07.20"]
[Round "2"]
[White "Nehyba, Martin"]
[Black "Myshakov, Fyodor"]
[Result "1/2-1/2"]
[WhiteElo "2090"]
[BlackElo "2295"]
[PlyCount "103"]
[EventDate "2019.07.19"]
[EventType "swiss"]
[EventRounds "9"]
[EventCountry "CZE"]
[SourceTitle "CBM 191"]
[Source "ChessBase"]
[SourceDate "2019.08.31"]
[SourceVersion "1"]
[SourceVersionDate "2019.08.31"]
[SourceQuality "1"]

1. e4 c6 2. d4 d5 3. exd5 cxd5 4. Bf4 Nf6 5. Nc3 a6 6. Nf3 Bg4 7. Be2 Nc6 8. Ne5 Bxe2 9. Nxe2 e6 10. 0-0 Bd6 11. Nxc6 bxc6 12. Bxd6 Qxd6 13. Qd3 0-0 14. b3 c5 15. c4 cxd4 16. cxd5 e5 17. f4 Qxd5 18. Rad1 Rfd8 19. h3 Rd6 20. fxe5 Qxe5 21. Rf5 Qe6 22. Rf4 Rad8 23. Rxd4 Rxd4 24. Nxd4 Qe5 25. Rc1 g6 26. Nc6 Rxd3 27. Nxe5 Re3 28. Nf3 Nd5 29. Kf2 Re6 30. Rc4 h5 31. b4 Ne3 32. Rc5 Nd1+ 33. Kg1 Re2 34. a4 Rb2 35. b5 axb5 36. axb5 Ne3 37. Ne1 Kg7 38. Rc3 Nf5 39. Nf3 Rxb5 40. Rc2 Rb1+ 41. Kf2 Rb7 42. Re2 Nd6 43. g3 Ra7 44. Kg2 Ra3 45. Kf2 Nf5 46. Rb2 Nd6 47. Re2 Rb3 48. Kg2 Nf5 49. Rd2 Rc3 50. Kf2 Ra3 51. Rb2 Nd6 52. Re2 1/2-1/2

[Event "Pardubice op rapid 30th"]
[Site "Pardubice"]
[Date "2019.07.19"]
[Round "7"]
[White "Nehyba, Martin"]
[Black "Morozov, Mikhail M"]
[Result "0-1"]
[WhiteElo "2090"]
[BlackElo "1997"]
[PlyCount "92"]
[EventDate "2019.07.17"]
[EventType "swiss (rapid)"]
[EventRounds "9"]
[EventCountry "CZE"]
[SourceTitle "CBM 191 Extra"]
[Source "ChessBase"]
[SourceDate "2019.09.30"]
[SourceVersion "1"]
[SourceVersionDate "2019.09.30"]
[SourceQuality "1"]

1. e4 e6 2. d4 d5 3. Nc3 dxe4 4. Nxe4 Bd7 5. c3 Bc6 6. Bd3 Nd7 7. Nf3 Ngf6 8. Qe2 Be7 9. 0-0 Nxe4 10. Bxe4 Bxe4 11. Qxe4 c6 12. Bf4 0-0 13. Rad1 Re8 14. Rfe1 Nf6 15. Qc2 Qa5 16. a3 Rad8 17. Bg3 Nd7 18. Ne5 Nxe5 19. Rxe5 Rd5 20. Rxd5 Qxd5 21. c4 Qa5 22. Qb3 b6 23. f3 Qa6 24. h3 h6 25. d5 cxd5 26. cxd5 exd5 27. Qxd5 Bf6 28. Rd2 Qc8 29. Qb3 Qc5+ 30. Bf2 Re1+ 31. Kh2 Qc7+ 32. Bg3 Be5 33. Bxe5 Qxe5+ 34. g3 Qc5 35. h4 Qc1 36. Rd8+ Kh7 37. Qd3+ g6 38. g4 Qxb2+ 39. Kg3 Qe5+ 40. Kf2 Rh1 41. h5 Rh2+ 42. Kf1 Qa1+ 43. Qd1 Rh1+ 44. Ke2 Rxd1 45. Rxd1 Qxa3 46. hxg6+ Kxg6 0-1

[Event "Pardubice op rapid 30th"]
[Site "Pardubice"]
[Date "2019.07.17"]
[Round "3"]
[White "Soural, Jan"]
[Black "Nehyba, Martin"]
[Result "1/2-1/2"]
[WhiteElo "2196"]
[BlackElo "2090"]
[PlyCount "47"]
[EventDate "2019.07.17"]
[EventType "swiss (rapid)"]
[EventRounds "9"]
[EventCountry "CZE"]
[SourceTitle "CBM 191 Extra"]
[Source "ChessBase"]
[SourceDate "2019.09.30"]
[SourceVersion "1"]
[SourceVersionDate "2019.09.30"]
[SourceQuality "1"]

1. d4 f5 2. Nc3 Nf6 3. Bg5 e6 4. e4 fxe4 5. Nxe4 Be7 6. Bxf6 Bxf6 7. Qh5+ g6 8. Qh6 d5 9. Nxf6+ Qxf6 10. Nf3 Nc6 11. Bb5 Bd7 12. Bxc6 Bxc6 13. 0-0-0 0-0-0 14. h4 Rhf8 15. Rde1 Rde8 16. h5 g5 17. Qxg5 Qxg5+ 18. Nxg5 Rxf2 19. Nxh7 Rxg2 20. h6 Rh8 21. Nf6 Rg6 22. Ref1 Rhxh6 23. Rxh6 Rxh6 24. Ng4 1/2-1/2

[Event "Ostrava Konik op-A"]
[Site "Ostrava"]
[Date "2019.05.05"]
[Round "9"]
[White "Nehyba, Martin"]
[Black "Sernecki, Franciszek"]
[Result "1-0"]
[WhiteElo "2113"]
[BlackElo "2295"]
[PlyCount "135"]
[EventDate "2019.04.27"]
[EventType "swiss"]
[EventRounds "9"]
[EventCountry "CZE"]
[SourceTitle "CBM 190 Extra"]
[Source "ChessBase"]
[SourceDate "2019.07.15"]
[SourceVersion "1"]
[SourceVersionDate "2019.07.15"]
[SourceQuality "1"]

1. d4 d5 2. c4 e6 3. Nc3 c5 4. cxd5 exd5 5. Nf3 Nc6 6. Bg5 Be7 7. Bxe7 Ngxe7 8. e3 c4 9. Be2 0-0 10. 0-0 Bf5 11. b3 Qa5 12. Qe1 b5 13. Ne5 b4 14. Nxc6 Nxc6 15. Na4 Rfe8 16. Qd1 c3 17. Bd3 Bxd3 18. Qxd3 Qc7 19. Qb5 Qd6 20. Qa6 Re6 21. Rfe1 Nd8 22. Qxd6 Rxd6 23. a3 Nc6 24. axb4 Nxb4 25. Rec1 c2 26. Nc5 a5 27. Kf1 Kf8 28. Ke2 Rh6 29. h3 Rg6 30. g3 Rc6 31. Nd3 Rb6 32. Nxb4 Rxb4 33. Ra3 a4 34. bxa4 Raxa4 35. Rxa4 Rxa4 36. Rxc2 Ke7 37. Rc6 Ra2+ 38. Kf3 Rb2 39. Ra6 Rc2 40. Rb6 Ra2 41. g4 h6 42. Kg3 Re2 43. Rb3 Kd6 44. h4 Ke6 45. h5 Kf6 46. f4 Re1 47. Kf2 Rh1 48. Rb5 Ke6 49. Ra5 Rh3 50. Rb5 Rh1 51. f5+ Kf6 52. Rxd5 Kg5 53. Rd7 Kxg4 54. Rxf7 Rh2+ 55. Kg1 Re2 56. Rxg7+ Kxf5 57. Re7 Kg4 58. Kf1 Rh2 59. Re5 Kf3 60. Ke1 Re2+ 61. Kd1 Ra2 62. d5 Rb2 63. d6 Rb6 64. Rd5 Rb8 65. d7 Rd8 66. Kd2 Ke4 67. Rd4+ Ke5 68. Kd3 1-0

[Event "Ostrava Konik op-A"]
[Site "Ostrava"]
[Date "2019.05.03"]
[Round "7"]
[White "Nehyba, Martin"]
[Black "Kucera, Tomas2222"]
[Result "1/2-1/2"]
[WhiteElo "2113"]
[BlackElo "1961"]
[PlyCount "98"]
[EventDate "2019.04.27"]
[EventType "swiss"]
[EventRounds "9"]
[EventCountry "CZE"]
[SourceTitle "CBM 190 Extra"]
[Source "ChessBase"]
[SourceDate "2019.07.15"]
[SourceVersion "1"]
[SourceVersionDate "2019.07.15"]
[SourceQuality "1"]

1. e4 c5 2. c3 d5 3. exd5 Qxd5 4. d4 Nf6 5. Nf3 Bg4 6. dxc5 Qxc5 7. h3 Bh5 8. Be3 Qc7 9. Na3 a6 10. Qa4+ Nbd7 11. Rd1 Bxf3 12. gxf3 0-0-0 13. Bxa6 bxa6 14. Rd4 Nc5 15. Rxd8+ Kxd8 16. Bxc5 Qxc5 17. 0-0 e6 18. Rd1+ Bd6 19. Nc4 Ne8 20. Nxd6 Nxd6 21. b4 Qg5+ 22. Kh1 Ke7 23. Qxa6 Qf4 24. Kg2 Nf5 25. Qb7+ Kf6 26. Qe4 g5 27. c4 Nh4+ 28. Kf1 Nxf3 29. Qxf4+ gxf4 30. c5 Ra8 31. c6 Rxa2 32. Rc1 Ra8 33. b5 Nd2+ 34. Ke2 Nb3 35. b6 Nd4+ 36. Kd3 Nxc6 37. Rxc6 Rb8 38. Ke4 Ke7 39. Rc7+ Kd6 40. Rxf7 Rxb6 41. Kxf4 h5 42. Kg5 Rb5+ 43. Kh4 Ra5 44. f3 Rb5 45. Rg7 Rf5 46. Kg3 e5 47. h4 Ke6 48. Rg6+ Kf7 49. Rg5 Kf6 1/2-1/2

[Event "CZE-chT U18 Extraliga final-A 1819"]
[Site "Czech Republic"]
[Date "2019.04.13"]
[Round "10.4"]
[White "Nehyba, Martin"]
[Black "Lajbl, Jan"]
[Result "1/2-1/2"]
[WhiteElo "2065"]
[BlackElo "1916"]
[PlyCount "70"]
[EventDate "2018.10.05"]
[EventType "team-tourn"]
[EventRounds "11"]
[EventCountry "CZE"]
[SourceTitle "EXT 2023"]
[Source "ChessBase"]
[SourceDate "2022.10.05"]
[SourceVersion "1"]
[SourceVersionDate "2022.10.05"]
[SourceQuality "1"]
[WhiteTeam "Polabiny (U18)"]
[BlackTeam "Jicin (U18)"]
[WhiteTeamCountry "CZE"]
[BlackTeamCountry "CZE"]

1. e4 e6 2. d4 d5 3. Nc3 Nf6 4. Bg5 Bb4 5. e5 h6 6. Be3 Ne4 7. Nge2 c5 8. a3 Nxc3 9. Nxc3 Bxc3+ 10. bxc3 Qa5 11. Qd2 Nc6 12. f4 c4 13. Be2 Bd7 14. g4 0-0-0 15. h4 Rdg8 16. Bf2 Kb8 17. Qe3 Ne7 18. h5 Qc7 19. Bh4 Nc6 20. Kd2 Rf8 21. f5 exf5 22. Bg3 f4 23. Bxf4 Be6 24. Rag1 Ne7 25. g5 Nf5 26. Qf2 hxg5 27. Rxg5 Qe7 28. Bg4 Nh6 29. Bf3 Rhg8 30. Rxg7 Nf5 31. Rxg8 Rxg8 32. Rg1 Rh8 33. Bg5 Qxa3 34. Bf6 Rh6 35. Bg4 Ka8 1/2-1/2

[Event "CZE-chT U18 Extraliga final-A 1819"]
[Site "Czech Republic"]
[Date "2019.04.12"]
[Round "8.4"]
[White "Nehyba, Martin"]
[Black "Novotny, Martin"]
[Result "1/2-1/2"]
[WhiteElo "2065"]
[BlackElo "2016"]
[PlyCount "130"]
[EventDate "2018.10.05"]
[EventType "team-tourn"]
[EventRounds "11"]
[EventCountry "CZE"]
[SourceTitle "EXT 2023"]
[Source "ChessBase"]
[SourceDate "2022.10.05"]
[SourceVersion "1"]
[SourceVersionDate "2022.10.05"]
[SourceQuality "1"]
[WhiteTeam "Polabiny (U18)"]
[BlackTeam "Ricany (U18)"]
[WhiteTeamCountry "CZE"]
[BlackTeamCountry "CZE"]

1. e4 c5 2. c3 d5 3. exd5 Qxd5 4. d4 e6 5. Na3 cxd4 6. Nb5 Qd8 7. Bf4 Na6 8. Qxd4 Qxd4 9. Nxd4 Bc5 10. 0-0-0 Nf6 11. Bxa6 bxa6 12. Ngf3 Bb7 13. Ne1 Rc8 14. f3 Nd5 15. Bg3 0-0 16. Nec2 Rfd8 17. Rhe1 a5 18. Nb5 a6 19. Nba3 Be7 20. c4 Nb4 21. Rxd8+ Rxd8 22. Nxb4 axb4 23. Nb1 h5 24. h3 g5 25. Rd1 g4 26. hxg4 hxg4 27. Rxd8+ Bxd8 28. Nd2 Bg5 29. fxg4 Bxg2 30. Bd6 Bf3 31. Bxb4 Bxg4 32. Kc2 Bf5+ 33. Kb3 e5 34. Nf3 Bf4 35. Bd6 f6 36. Ka4 Bg4 37. Ne1 Bd2 38. Bb4 Bxb4 39. Kxb4 f5 40. Nd3 e4 41. Nf4 Kf7 42. Kc3 Ke7 43. Kd4 Kd6 44. b4 Kc6 45. a3 Bd1 46. Ng2 Bg4 47. Ke3 Bd1 48. Kf4 a5 49. bxa5 Kc5 50. Ne3 Ba4 51. Kxf5 Bc6 52. Ke5 Ba8 53. a6 Bc6 54. a7 Bb7 55. Nf5 Ba8 56. Ne3 Bb7 57. Kf5 Bc6 58. Kg5 Bb7 59. Kg4 Bc6 60. Kg3 Bb7 61. Kg4 Bc6 62. Kg3 Bb7 63. Kf4 Bc6 64. Ke5 Bb7 65. a4 Bc6 1/2-1/2

[Event "Lienz op 20th"]
[Site "Lienz"]
[Date "2019.02.11"]
[Round "4"]
[White "Perske, Thore"]
[Black "Nehyba, Martin"]
[Result "1-0"]
[WhiteElo "2451"]
[BlackElo "2114"]
[PlyCount "47"]
[EventDate "2019.02.09"]
[EventType "swiss"]
[EventRounds "9"]
[EventCountry "AUT"]
[SourceTitle "CBM 188 Extra"]
[Source "ChessBase"]
[SourceDate "2019.02.26"]
[SourceVersion "1"]
[SourceVersionDate "2019.02.26"]
[SourceQuality "1"]

1. d4 f5 2. c4 g6 3. Nc3 Nf6 4. h4 d6 5. Bg5 Bg7 6. e3 Be6 7. Nge2 h6 8. Nf4 Bf7 9. Bxf6 Bxf6 10. h5 g5 11. Ng6 Bxg6 12. hxg6 Qd7 13. Qf3 Nc6 14. Bd3 e6 15. g4 f4 16. 0-0-0 0-0-0 17. Be4 Rdf8 18. Qg2 Kb8 19. Kb1 Nd8 20. Ne2 c6 21. exf4 gxf4 22. Nxf4 Bxd4 23. Rxd4 e5 24. Nh5 1-0

[Event "Lienz op 20th"]
[Site "Lienz"]
[Date "2019.02.09"]
[Round "1"]
[White "Nehyba, Martin"]
[Black "Gaehwiler, Gabriel"]
[Result "1/2-1/2"]
[WhiteElo "2114"]
[BlackElo "2433"]
[PlyCount "67"]
[EventDate "2019.02.09"]
[EventType "swiss"]
[EventRounds "9"]
[EventCountry "AUT"]
[SourceTitle "CBM 188 Extra"]
[Source "ChessBase"]
[SourceDate "2019.02.26"]
[SourceVersion "1"]
[SourceVersionDate "2019.02.26"]
[SourceQuality "1"]

1. e4 c5 2. c3 d6 3. d4 Nf6 4. f3 Nbd7 5. Be3 Qc7 6. Bd3 g6 7. Ne2 Bg7 8. Qd2 0-0 9. 0-0 Re8 10. a4 e5 11. d5 c4 12. Bc2 b6 13. Na3 a6 14. Rfb1 Rb8 15. Nc1 Nc5 16. Qe2 b5 17. axb5 axb5 18. b3 cxb3 19. Nxb3 Na4 20. Nxb5 Nxc3 21. Nxc7 Nxe2+ 22. Kf2 Re7 23. Kxe2 Rxc7 24. Bd3 Nxd5 25. exd5 e4 26. fxe4 Rxb3 27. Rxb3 Bg4+ 28. Kd2 Bxa1 29. Bf4 Be5 30. Bxe5 dxe5 31. Rb8+ Kg7 32. Bb5 Bd7 33. Kd3 Bxb5+ 34. Rxb5 1/2-1/2

[Event "CZE-chT2D 1819"]
[Site "Czech Republic"]
[Date "2018.12.02"]
[Round "4.3"]
[White "Jacko, Vladimir1111"]
[Black "Nehyba, Martin"]
[Result "1-0"]
[WhiteElo "2324"]
[BlackElo "2065"]
[PlyCount "157"]
[EventDate "2018.10.14"]
[EventType "team-tourn"]
[EventRounds "11"]
[EventCountry "CZE"]
[SourceTitle "EXT 2022"]
[Source "ChessBase"]
[SourceDate "2021.10.06"]
[SourceVersion "1"]
[SourceVersionDate "2021.10.06"]
[SourceQuality "1"]
[WhiteTeam "Orechov"]
[BlackTeam "Brno Lokomotiva"]
[WhiteTeamCountry "CZE"]
[BlackTeamCountry "CZE"]

1. Nf3 f5 2. d3 d6 3. e4 e5 4. Nc3 Nf6 5. g3 Be7 6. Bg2 0-0 7. h3 Nc6 8. exf5 Bxf5 9. 0-0 Qd7 10. Kh2 Ng4+ 11. Kh1 Nf6 12. Ng1 d5 13. Bg5 Be6 14. Qd2 h6 15. Bxf6 Bxf6 16. Rae1 Ne7 17. Kh2 c6 18. Nce2 Ng6 19. c3 Rae8 20. a3 Bg5 21. Qd1 Rf7 22. Nf3 Bd8 23. Neg1 Bc7 24. Nd2 Bf5 25. Qe2 Rfe7 26. Kh1 Kh8 27. Rd1 Bd6 28. c4 Bb8 29. Rfe1 Qd6 30. Ne4 Bxe4 31. dxe4 d4 32. Nf3 c5 33. Rf1 Rf7 34. Ne1 b6 35. Bf3 Rf6 36. b3 Ref8 37. Bg4 Qc7 38. Nd3 Qf7 39. Bh5 Bd6 40. a4 a6 41. Qg4 Qe6 42. Qxe6 Rxe6 43. Bg4 Ref6 44. h4 Ne7 45. h5 a5 46. Kg2 Bc7 47. f4 Nc6 48. Bd7 Nb4 49. Bf5 Nxd3 50. Rxd3 Kg8 51. Kf3 Kf7 52. Rg1 Ke7 53. Rd2 R6f7 54. Rf2 Rf6 55. Ke2 R6f7 56. Kd3 Rf6 57. Rf3 R6f7 58. Rgf1 Rf6 59. Rg1 R6f7 60. fxe5 Bxe5 61. g4 Bf6 62. Bg6 Ke6 63. Rf5 Be7 64. Bxf7+ Rxf7 65. Rgf1 Rxf5 66. exf5+ Kf6 67. Re1 Bd8 68. Re6+ Kf7 69. Rd6 Ke7 70. Re6+ Kf7 71. Ke4 Bc7 72. Rc6 Bd8 73. Rd6 Ke7 74. Re6+ Kd7 75. Kd5 Bc7 76. Rg6 d3 77. Rxg7+ Ke8 78. Ke6 Bd6 79. Rd7 1-0

[Event "CZE-chT U18 Extraliga Ost 1819"]
[Site "Czech Republic"]
[Date "2018.10.07"]
[Round "3.3"]
[White "Nehyba, Martin"]
[Black "Kopcova, Ludmila"]
[Result "1-0"]
[WhiteElo "2065"]
[BlackElo "1899"]
[PlyCount "42"]
[EventDate "2018.10.05"]
[EventType "team-tourn"]
[EventRounds "11"]
[EventCountry "CZE"]
[SourceTitle "EXT 2023"]
[Source "ChessBase"]
[SourceDate "2022.10.05"]
[SourceVersion "1"]
[SourceVersionDate "2022.10.05"]
[SourceQuality "1"]
[WhiteTeam "Polabiny (U18)"]
[BlackTeam "Orlova Slavia (U18)"]
[WhiteTeamCountry "CZE"]
[BlackTeamCountry "CZE"]

1. c4 e5 2. g3 Nf6 3. Bg2 d5 4. cxd5 Nxd5 5. Nc3 Be6 6. e3 c5 7. Qf3 Nxc3 8. bxc3 Nc6 9. Rb1 Rb8 10. Rxb7 Rxb7 11. Qxc6+ Rd7 12. Qb5 Qb6 13. Bc6 Qxb5 14. Bxb5 Bxa2 15. c4 Kd8 16. Bxd7 Kxd7 17. d3 e4 18. Kd2 Be7 19. Ne2 exd3 20. Kxd3 Bb1+ 21. Kd2 Rb8 1-0